000 00733nam a22002417a 4500
003 UA-OsUOA
001 24860
007 ta
008 20040303b un ||||| |||| 00| 0 ukr d
090 _a342.8(470)(075.8)
_bИ32
942 _cBK
040 _aUA-OsUOA
_brus
_cUA-OsUOA
_dUA-OsUOA
245 _aИзбирательное право и избирательный процесс в Росийской Федерации
_bУчебник для вузов
_cОтв. редактор А.В.Иванченко
300 _a856 с.
955 _a0
041 _arus
080 _a342.8(470)(075.8)
020 _a5-89123-311-8
260 _aМосква
_bНОРМА
_c1999
044 _aRU
650 7 _2UDC
999 _c311146
_d311146